Japanese Food Quiz - Statistics

General Stats
  • This quiz has been taken 249 times
  • The average score is 8 of 12
Answer Stats
Picture Answer % Correct
Sushi
100%
Ramen
93%
Miso Soup
84%
Sashimi
81%
Onigiri
76%
Gyoza
66%
Mochi
63%
Tempura
62%
Dorayaki
49%
Okonomiyaki
47%
Yakitori
40%
Unagi
17%
No matching quizzes found
Score Distribution
Percent of People with Each Score
Percentile by Number Answered
Your Score History
You have not taken this quiz